| 000 -CABECERA |
| Longitud fija campo de control |
00532nam a2200181 a 4500 |
| 001 - NÚMERO DE CONTROL |
| Número de control |
20 |
| 003 - IDENTIFICADOR DEL NÚMERO DE CONTROL |
| Identificador del número de control |
CDMR |
| 005 - FECHA Y HORA DE LA ÚLTIMA TRANSACCIÓN |
| Fecha y hora de la última transacción |
20131128132401.0 |
| 008 - CÓDIGOS DE INFORMACIÓN DE LONGITUD FIJA |
| Códigos de información de longitud fija |
130130s1970||||||||||||||||||||||||||||d |
| 040 ## - FUENTE DE LA CATALOGACIÓN |
| Centro catalogador de origen |
CDMR |
| Lengua de catalogación |
cat |
| Centro transcriptor |
CDMR |
| 100 1# - PUNTO DE ACCESO PRINCIPAL-NOMBRE DE PERSONA |
| Nombre de persona |
Altabella Hernández, José |
| 9 (RLIN) |
12 |
| 245 14 - MENCIÓN DE TÍTULO |
| Título |
Las Provincias |
| Resto del título |
: eje histórico del periodismo valenciano 1866-1969 |
| Mención de responsabilidad, etc. |
José Altabella |
| 260 ## - PUBLICACIÓN, DISTRIBUCIÓN, ETC. (PIE DE IMPRENTA) |
| Lugar de publicación, distribución, etc. |
Madrid |
| Fecha de publicación, distribución, etc. |
1970 |
| Nombre del editor, distribuidor, etc. |
Editora Nacional |
| 300 ## - DESCRIPCIÓN FÍSICA |
| Extensión |
209 p. |
| 610 2# - PUNTO DE ACCESO ADICIONAL DE MATERIA - NOMBRE DE ENTIDAD CORPORATIVA |
| 9 (RLIN) |
4063 |
| Nombre de entidad corporativa o nombre de jurisdicción como elemento inicial |
Provincias (Diari) |
| 650 04 - PUNTO DE ACCESO ADICIONAL DE MATERIA - TÉRMINO DE MATERIA |
| 9 (RLIN) |
3311 |
| Término de materia o nombre geográfico como elemento inicial |
Premsa |
| Subdivisión geográfica |
Comunitat Valenciana |
| 942 ## - ENTRADA DE ELEMENTOS AGREGADOS (KOHA) |
| Koha [por defecto] tipo de item |
Monografies |
| Fuente de clasificaión o esquema |
|